[Event "GRE-chT 43rd"]
[Site "Porto Rio"]
[Date "2015.10.10"]
[Round "5.12"]
[White "Spirakopoulos, Ioannis"]
[Black "Tsangaris, Spyridon"]
[Result "1-0"]
[WhiteElo "2102"]
[BlackElo "1962"]
[PlyCount "135"]
[EventDate "2015.10.08"]
[EventType "team-swiss"]
[EventRounds "7"]
[EventCountry "GRE"]
[SourceTitle "CBM 168 Extra"]
[Source "ChessBase"]
[SourceDate "2015.10.29"]
[SourceVersion "1"]
[SourceVersionDate "2015.10.29"]
[SourceQuality "1"]
[WhiteTeam "Aigaleo"]
[BlackTeam "Patron"]
[WhiteTeamCountry "GRE"]
[BlackTeamCountry "GRE"]

1. e4 d5 2. exd5 Qxd5 3. Nc3 Qa5 4. d4 c6 5. Bc4 Bf5 6. Nf3 e6 7. Ne5 Nf6 8. g4 Be4 9. f3 Bd5 10. Bd2 Bxc4 11. Nxc4 Qc7 12. Qe2 Nbd7 13. 0-0-0 Bb4 14. d5 Nxd5 15. Nxd5 Bxd2+ 16. Rxd2 cxd5 17. Rxd5 0-0 18. Rd4 Nb6 19. Rhd1 Rfd8 20. Nxb6 Qxb6 21. Qd2 Rf8 22. Rd6 Qc5 23. Rd7 b6 24. Kb1 a5 25. h4 b5 26. h5 h6 27. f4 b4 28. g5 hxg5 29. fxg5 a4 30. h6 b3 31. cxb3 axb3 32. hxg7 Qf5+ 33. Qd3 bxa2+ 34. Ka1 Kxg7 35. Qc3+ e5 36. Re7 Rfd8 37. Rh1 Rd5 38. g6 Qxg6 39. Rxe5 Rxe5 40. Qxe5+ f6 41. Qc7+ Kg8 42. Qh2 Kf7 43. Rg1 Qe4 44. Qh5+ Ke6 45. Qh3+ f5 46. Rg6+ Kd5 47. Qb3+ Kc5 48. Qb6+ Kc4 49. Rc6+ Kd3 50. Qb3+ Kd2 51. Rd6+ Ke2 52. Re6 Rd8 53. Qc4+ Kf3 54. Qf1+ Kg3 55. Rxe4 fxe4 56. Qg1+ Kf3 57. Qh1+ Ke3 58. Qh6+ Kd3 59. Qa6+ Ke3 60. Qb6+ Rd4 61. Kxa2 Kd3 62. Kb3 e3 63. Qg6+ Re4 64. Qg3 Re6 65. Qf3 Rb6+ 66. Ka2 Kd2 67. Qf4 Kd1 68. Qd4+ 1-0

[Event "GRE-chT 42nd"]
[Site "Porto Rio"]
[Date "2014.06.29"]
[Round "3.4"]
[White "Zenelis, Konstantinos"]
[Black "Spirakopoulos, Ioannis"]
[Result "0-1"]
[WhiteElo "2107"]
[BlackElo "2095"]
[PlyCount "64"]
[EventDate "2014.06.28"]
[EventType "team-swiss"]
[EventRounds "7"]
[EventCountry "GRE"]
[SourceTitle "CBM 161 Extra"]
[Source "ChessBase"]
[SourceDate "2014.08.29"]
[SourceVersion "1"]
[SourceVersionDate "2014.08.29"]
[SourceQuality "1"]
[WhiteTeam "Papagou DP"]
[BlackTeam "Aigaleo"]
[WhiteTeamCountry "GRE"]
[BlackTeamCountry "GRE"]

1. e4 e6 2. d4 d5 3. Nc3 Bb4 4. e5 c5 5. a3 Bxc3+ 6. bxc3 Ne7 7. Qg4 Qc7 8. Qxg7 Rg8 9. Qxh7 cxd4 10. Ne2 Nbc6 11. f4 Bd7 12. Qd3 dxc3 13. Qxc3 0-0-0 14. Rb1 Nf5 15. Rg1 d4 16. Qd3 f6 17. exf6 e5 18. g3 e4 19. Qxe4 d3 20. Qxd3 Rge8 21. Kf2 Na5 22. c3 Be6 23. Nd4 Nh6 24. Nxe6 Ng4+ 25. Kg2 Rxe6 26. Qf3 Nxf6 27. h3 Rc6 28. c4 Nxc4 29. Bxc4 Rxc4 30. Be3 Rd3 31. Rgc1 Rc2+ 32. Kg1 Rxc1+ 0-1

[Event "GRE-chT 41st"]
[Site "Achaia"]
[Date "2013.07.06"]
[Round "6.3"]
[White "Spirakopoulos, Ioannis"]
[Black "Skaperdas, Sotirios"]
[Result "1-0"]
[WhiteElo "2086"]
[BlackElo "2050"]
[PlyCount "57"]
[EventDate "2013.07.02"]
[EventType "team-swiss"]
[EventRounds "7"]
[EventCountry "GRE"]
[SourceTitle "CBM 155 Extra"]
[Source "ChessBase"]
[SourceDate "2013.08.26"]
[SourceVersion "1"]
[SourceVersionDate "2013.08.26"]
[SourceQuality "1"]
[WhiteTeam "Egaleo CN"]
[BlackTeam "Filadelfia CN"]
[WhiteTeamCountry "GRE"]
[BlackTeamCountry "GRE"]

1. e4 c5 2. Nf3 d6 3. d4 cxd4 4. Nxd4 Nf6 5. Nc3 a6 6. Bg5 Nbd7 7. Be2 h6 8. Be3 e5 9. Nf5 Qc7 10. 0-0 g6 11. Ng3 h5 12. f4 Bh6 13. Qd2 b5 14. Rad1 Ke7 15. fxe5 Bxe3+ 16. Qxe3 dxe5 17. Qg5 Qb6+ 18. Kh1 Ke8 19. Nd5 Nxd5 20. exd5 Bb7 21. Ne4 f5 22. d6 Kf8 23. Qe7+ Kg8 24. Ng5 Rf8 25. Qe6+ Kg7 26. Qxd7+ Kg8 27. Qe6+ Kg7 28. Qxe5+ Kh6 29. Nf7+ 1-0

[Event "Isthmia op 1st"]
[Site "Vrachati"]
[Date "2011.08.22"]
[Round "6"]
[White "Spirakopoulos, Ioannis"]
[Black "Tsokopoulos, Dedalos"]
[Result "1-0"]
[WhiteElo "2155"]
[BlackElo "1992"]
[PlyCount "102"]
[EventDate "2011.08.18"]
[EventType "swiss"]
[EventRounds "9"]
[EventCountry "GRE"]
[SourceTitle "CBM 144 Extra"]
[Source "ChessBase"]
[SourceDate "2011.10.28"]
[SourceVersion "1"]
[SourceVersionDate "2011.10.28"]
[SourceQuality "1"]

1. e4 c5 2. Nf3 a6 3. c4 d6 4. d4 Bg4 5. d5 e5 6. Nc3 g6 7. Be2 Bg7 8. 0-0 Ne7 9. Ng5 Bxe2 10. Qxe2 h6 11. Nh3 0-0 12. f4 exf4 13. Nxf4 Nd7 14. Bd2 Kh7 15. Nd3 Ne5 16. Nxe5 Bxe5 17. Rf3 Ng8 18. Raf1 Kg7 19. Nd1 Nf6 20. Rh3 h5 21. Bg5 Qe8 22. Ne3 Nxe4 23. Rxh5 Nxg5 24. Nf5+ gxf5 25. Rxg5+ Kf6 26. Rfxf5+ Ke7 27. Rxe5+ dxe5 28. Rxe5+ Kd6 29. Rxe8 Raxe8 30. Qf3 f5 31. Qf4+ Kd7 32. Qh6 Kc7 33. Kf2 f4 34. a4 a5 35. Qg7+ Kb6 36. Qd7 Ka7 37. Qc7 Rc8 38. Qxa5+ Kb8 39. Qb6 f3 40. gxf3 Rh8 41. Qd6+ Ka8 42. a5 Rcd8 43. Qxc5 Rxh2+ 44. Kg3 Rxb2 45. Qe7 Rg8+ 46. Kf4 Rd2 47. Qc5 Rd3 48. Ke4 Rd1 49. f4 Re1+ 50. Kf5 Ree8 51. a6 b6 1-0

[Event "GRE-chT 39th"]
[Site "Eretria"]
[Date "2011.07.08"]
[Round "7.14"]
[White "Balaskas, Panayotis"]
[Black "Spirakopoulos, Ioannis"]
[Result "0-1"]
[WhiteElo "2043"]
[BlackElo "2155"]
[PlyCount "50"]
[EventDate "2011.07.03"]
[EventType "team-swiss"]
[EventRounds "7"]
[EventCountry "GRE"]
[SourceTitle "CBM 143 Extra"]
[Source "ChessBase"]
[SourceDate "2011.08.29"]
[SourceVersion "1"]
[SourceVersionDate "2011.08.29"]
[SourceQuality "1"]
[WhiteTeam "Amfissa Chess Union"]
[BlackTeam "Aigaleo"]
[WhiteTeamCountry "GRE"]
[BlackTeamCountry "GRE"]

1. e4 e6 2. d4 d5 3. Nd2 Nf6 4. e5 Nfd7 5. Bd3 c5 6. c3 Nc6 7. Ne2 cxd4 8. cxd4 f6 9. Nf4 Nxd4 10. Qh5+ Ke7 11. exf6+ Nxf6 12. Qh4 e5 13. Nh5 Kf7 14. 0-0 Be7 15. f3 Bf5 16. Bxf5 Nxf5 17. Qh3 Ne3 18. Ne4 Nxf1 19. Ng5+ Kg6 20. Kxf1 Qc8 21. g4 Qc4+ 22. Kf2 Bc5+ 23. Kg3 Qe2 24. Kh4 Bf2+ 25. Ng3 h5 0-1

[Event "GRE-chT 39th"]
[Site "Eretria"]
[Date "2011.07.05"]
[Round "4.8"]
[White "Spirakopoulos, Ioannis"]
[Black "Ris, Robert"]
[Result "0-1"]
[WhiteElo "2155"]
[BlackElo "2395"]
[PlyCount "60"]
[EventDate "2011.07.03"]
[EventType "team-swiss"]
[EventRounds "7"]
[EventCountry "GRE"]
[SourceTitle "CBM 143 Extra"]
[Source "ChessBase"]
[SourceDate "2011.08.29"]
[SourceVersion "1"]
[SourceVersionDate "2011.08.29"]
[SourceQuality "1"]
[WhiteTeam "Aigaleo"]
[BlackTeam "Heraklion OAA"]
[WhiteTeamCountry "GRE"]
[BlackTeamCountry "GRE"]

1. e4 e5 2. Nf3 Nc6 3. Bb5 a6 4. Ba4 d6 5. d4 b5 6. Bb3 Nxd4 7. Nxd4 exd4 8. a4 Bb7 9. axb5 axb5 10. Rxa8 Bxa8 11. Qd3 Qd7 12. Na3 c6 13. Qxd4 c5 14. Qd2 c4 15. Qa5 Bc6 16. Ba2 Nf6 17. 0-0 Be7 18. b3 0-0 19. bxc4 Ra8 20. Qb6 Bd8 21. Qd4 b4 22. Rd1 Nxe4 23. c5 Nc3 24. Re1 Nxa2 25. Nc4 Nxc1 26. Rxc1 dxc5 27. Qxc5 Qd5 28. Qxd5 Bxd5 29. Re1 Kf8 30. Ne5 Be6 0-1

[Event "GRE-chT 39th"]
[Site "Eretria"]
[Date "2011.07.04"]
[Round "3.5"]
[White "Postny, Evgeny"]
[Black "Spirakopoulos, Ioannis"]
[Result "1-0"]
[WhiteElo "2618"]
[BlackElo "2155"]
[PlyCount "59"]
[EventDate "2011.07.03"]
[EventType "team-swiss"]
[EventRounds "7"]
[EventCountry "GRE"]
[SourceTitle "CBM 143 Extra"]
[Source "ChessBase"]
[SourceDate "2011.08.29"]
[SourceVersion "1"]
[SourceVersionDate "2011.08.29"]
[SourceQuality "1"]
[WhiteTeam "Heraklion CC"]
[BlackTeam "Aigaleo"]
[WhiteTeamCountry "GRE"]
[BlackTeamCountry "GRE"]

1. e4 e6 2. d4 d5 3. Nd2 Nf6 4. e5 Nfd7 5. c3 c5 6. f4 Nc6 7. Ndf3 Qb6 8. g3 cxd4 9. cxd4 Bb4+ 10. Kf2 g5 11. Be3 gxf4 12. gxf4 f6 13. a3 Be7 14. b4 0-0 15. Ne2 a5 16. b5 Na7 17. Rg1+ Kh8 18. Nc3 fxe5 19. fxe5 Nc5 20. Bh6 Rf7 21. Ke3 Ne4 22. Nxe4 dxe4 23. Ng5 Bxg5+ 24. Bxg5 Nxb5 25. Bf6+ Rxf6 26. exf6 e5 27. Bxb5 Qxb5 28. Rb1 Qc6 29. Rg8+ Kxg8 30. Qg1+ 1-0

[Event "GRE-chT 39th"]
[Site "Eretria"]
[Date "2011.07.04"]
[Round "2.7"]
[White "Spirakopoulos, Ioannis"]
[Black "Georgakopoulos, Nikolaos"]
[Result "1/2-1/2"]
[WhiteElo "2155"]
[BlackElo "2283"]
[PlyCount "65"]
[EventDate "2011.07.03"]
[EventType "team-swiss"]
[EventRounds "7"]
[EventCountry "GRE"]
[SourceTitle "CBM 143 Extra"]
[Source "ChessBase"]
[SourceDate "2011.08.29"]
[SourceVersion "1"]
[SourceVersionDate "2011.08.29"]
[SourceQuality "1"]
[WhiteTeam "Aigaleo"]
[BlackTeam "Amfissa Chess Union"]
[WhiteTeamCountry "GRE"]
[BlackTeamCountry "GRE"]

1. Nf3 Nf6 2. g3 g6 3. Bg2 Bg7 4. 0-0 0-0 5. d3 d6 6. Nc3 c5 7. e4 Nc6 8. h3 Rb8 9. Nh4 e6 10. f4 Nh5 11. Kh2 Nd4 12. Ne2 b5 13. Nxd4 cxd4 14. Nf3 Qc7 15. Qe2 e5 16. f5 d5 17. Nh4 Nf6 18. Bg5 dxe4 19. Bxe4 Nxe4 20. dxe4 f6 21. fxg6 fxg5 22. gxh7+ Kxh7 23. Qh5+ Kg8 24. Ng6 Rxf1 25. Rxf1 Be6 26. Qxg5 Re8 27. Rf2 Qd8 28. Qh5 Bf7 29. Rxf7 Kxf7 30. Nxe5+ Kg8 31. Qf7+ Kh7 32. Qh5+ Kg8 33. Qf7+ 1/2-1/2

[Event "GRE-chT 37th"]
[Site "Kallithea"]
[Date "2009.07.05"]
[Round "4"]
[White "Spirakopoulos, Ioannis"]
[Black "Tsarouhas, Vasilios"]
[Result "1/2-1/2"]
[WhiteElo "2163"]
[BlackElo "2221"]
[PlyCount "162"]
[EventDate "2009.07.03"]
[EventType "team-tourn"]
[EventRounds "9"]
[EventCountry "GRE"]
[SourceTitle "CBM 131 Extra"]
[Source "ChessBase"]
[SourceDate "2009.09.03"]
[SourceVersion "2"]
[SourceVersionDate "2009.09.16"]
[SourceQuality "1"]

1. e4 c5 2. Nf3 e6 3. d3 Nc6 4. g3 d5 5. Nbd2 Nf6 6. Bg2 Qc7 7. 0-0 b6 8. Re1 Be7 9. e5 Nd7 10. Qe2 Bb7 11. h4 0-0-0 12. a3 h6 13. c4 d4 14. h5 g5 15. hxg6 fxg6 16. Bh3 Nf8 17. Ne4 g5 18. Nd6+ Bxd6 19. exd6 Rxd6 20. b4 Rg8 21. bxc5 bxc5 22. Bg2 Ne7 23. Rb1 Rb6 24. Bd2 Neg6 25. Ba5 Nf4 26. gxf4 gxf4 27. Bxb6 Qg7 28. Nh4 Bxg2 29. Qe5 axb6 30. Qxg7 Rxg7 31. Kh2 Bc6 32. Rxb6 Kc7 33. Rb2 Rg4 34. Kh3 h5 35. Re5 Kd6 36. Rxh5 Rg1 37. f3 Nd7 38. Re2 Bxf3 39. Nxf3 Rg3+ 40. Kh2 Rxf3 41. Rh3 Rf1 42. Ra2 Ne5 43. a4 f3 44. Kg3 Nxd3 45. Ra3 Ne5 46. a5 d3 47. Rh2 Rg1+ 48. Kh3 Rg7 49. a6 Rh7+ 50. Kg3 Rg7+ 51. Kh3 Rh7+ 52. Kg3 Rxh2 53. Kxh2 d2 54. Ra1 Nxc4 55. a7 Nb6 56. Kg3 c4 57. Kxf3 c3 58. Ke2 Na8 59. Kd3 Kc6 60. Kxc3 Kb7 61. Kxd2 Nb6 62. Kd3 e5 63. Ke4 Ka8 64. Kxe5 Nc8 65. Ke6 Nxa7 66. Kd7 Kb7 67. Rb1+ Ka6 68. Kc7 Nb5+ 69. Kc6 Na7+ 70. Kc5 Nc8 71. Rb2 Na7 72. Rb6+ Ka5 73. Rh6 Nb5 74. Rb6 Na7 75. Rg6 Nb5 76. Rh6 Na7 77. Rb6 Nc8 78. Rb7 Ka6 79. Rg7 Na7 80. Rh7 Nc8 81. Rc7 Na7 1/2-1/2

[Event "Nea Filadelfia CC Autumn"]
[Site "Nea Filadelfia"]
[Date "2007.11.10"]
[Round "9.3"]
[White "Spirakopoulos, Ioannis"]
[Black "Tassopoulos, Marios"]
[Result "0-1"]
[WhiteElo "2184"]
[BlackElo "2220"]
[PlyCount "100"]
[EventDate "2007.10.11"]
[EventType "tourn"]
[EventRounds "11"]
[EventCountry "GRE"]
[SourceTitle "EXT 2024"]
[Source "ChessBase"]
[SourceDate "2023.10.10"]
[SourceVersion "1"]
[SourceVersionDate "2023.10.10"]
[SourceQuality "1"]

1. e4 c5 2. Nf3 d6 3. d4 cxd4 4. Nxd4 Nf6 5. Nc3 Nc6 6. Bc4 e6 7. Bb3 Be7 8. Be3 Bd7 9. Qe2 Rc8 10. 0-0-0 Na5 11. f3 Nxb3+ 12. axb3 Qa5 13. Kb1 a6 14. g4 0-0 15. g5 Ne8 16. h4 Nc7 17. h5 Nb5 18. Na2 Nxd4 19. Bxd4 Bxg5 20. Rdg1 f6 21. Nc3 Rf7 22. Qf2 Qb4 23. Rg2 Bf4 24. h6 g6 25. Ne2 Be5 26. Be3 f5 27. f4 fxe4 28. Qg3 Bf6 29. f5 exf5 30. Nf4 Be5 31. Qh4 Bxf4 32. Qxf4 Be6 33. Bd2 Qb6 34. c4 Qxb3 35. Qxd6 Qd3+ 36. Qxd3 exd3 37. b3 Rd7 38. Re1 Bf7 39. Kb2 b5 40. cxb5 Rc2+ 41. Ka3 axb5 42. Kb4 Rb2 43. Kxb5 Rxb3+ 44. Kc6 Rbb7 45. Rf2 Bd5+ 46. Kc5 Be4 47. Ra1 Rbc7+ 48. Kb6 Rc6+ 49. Kb5 Rb7+ 50. Ka5 Ra7+ 0-1

[Event "Nea Filadelfia CC Autumn"]
[Site "Nea Filadelfia"]
[Date "2007.11.08"]
[Round "8.3"]
[White "Koliopoulos, Konstantinos"]
[Black "Spirakopoulos, Ioannis"]
[Result "0-1"]
[WhiteElo "2184"]
[BlackElo "2203"]
[PlyCount "68"]
[EventDate "2007.10.11"]
[EventType "tourn"]
[EventRounds "11"]
[EventCountry "GRE"]
[SourceTitle "EXT 2024"]
[Source "ChessBase"]
[SourceDate "2023.10.10"]
[SourceVersion "1"]
[SourceVersionDate "2023.10.10"]
[SourceQuality "1"]

1. d4 Nf6 2. c4 g6 3. Nc3 Bg7 4. e4 d6 5. Be2 0-0 6. Bg5 c5 7. dxc5 Qa5 8. Bd2 dxc5 9. e5 Nfd7 10. f4 Nc6 11. Nf3 Qd8 12. Ne4 Qb6 13. Bc3 Rd8 14. Qa4 Nf8 15. h4 Bf5 16. Nf2 h5 17. Rd1 Ne6 18. Rxd8+ Rxd8 19. g3 Ned4 20. Bd1 f6 21. exf6 Bxf6 22. 0-0 Qc7 23. Kg2 e5 24. fxe5 Nxe5 25. Bxd4 cxd4 26. Qxa7 Qc6 27. Nh1 Be4 28. c5 Rf8 29. Qa3 d3 30. b4 Bg7 31. b5 Qxb5 32. Ba4 Qa6 33. Qb3+ Kh8 34. Bb5 Qf6 0-1

[Event "Nea Filadelfia CC Autumn"]
[Site "Nea Filadelfia"]
[Date "2007.11.03"]
[Round "7.4"]
[White "Spirakopoulos, Ioannis"]
[Black "Kaldis, Georgios"]
[Result "1/2-1/2"]
[WhiteElo "2184"]
[BlackElo "2027"]
[PlyCount "155"]
[EventDate "2007.10.11"]
[EventType "tourn"]
[EventRounds "11"]
[EventCountry "GRE"]
[SourceTitle "EXT 2024"]
[Source "ChessBase"]
[SourceDate "2023.10.10"]
[SourceVersion "1"]
[SourceVersionDate "2023.10.10"]
[SourceQuality "1"]

1. e4 e5 2. Nf3 Nc6 3. Bb5 f5 4. Nc3 Bb4 5. 0-0 Bxc3 6. dxc3 Nf6 7. Bxc6 bxc6 8. Nxe5 fxe4 9. Bg5 0-0 10. Qd4 Qe8 11. Rad1 d6 12. Nc4 Qg6 13. Bxf6 Bh3 14. Ne3 Rxf6 15. Kh1 Be6 16. f3 exf3 17. Rxf3 Rxf3 18. gxf3 Qf7 19. f4 Rf8 20. Rf1 c5 21. Qe4 Re8 22. Qf3 Qe7 23. a3 Bh3 24. Qxh3 Qxe3 25. Qxe3 Rxe3 26. Rf2 Kf7 27. Kg2 Kf6 28. Rf3 Re2+ 29. Rf2 Re3 30. Rf3 Re1 31. Rf2 Kf5 32. Kf3 Rb1 33. b3 c4 34. bxc4 Ra1 35. Rd2 Rxa3 36. Rd5+ Kf6 37. Rd3 Ra5 38. Ke4 Rc5 39. Kd4 Kf5 40. Rg3 Kf6 41. Rh3 h6 42. Rg3 a5 43. Rg1 Kf5 44. Rxg7 Kxf4 45. Rg8 h5 46. h4 a4 47. Ra8 Kg4 48. Rxa4 Kxh4 49. Ra8 Rg5 50. Rc8 Rg7 51. Rh8 Kg4 52. Ke3 h4 53. Kf2 Kh3 54. Rh5 Rf7+ 55. Kg1 Re7 56. Rd5 Re3 57. c5 Kg3 58. Rg5+ Kf4 59. Rh5 Rxc3 60. cxd6 cxd6 61. Rxh4+ Ke3 62. Kf1 Rxc2 63. Rh3+ Ke4 64. Ke1 d5 65. Kd1 Rf2 66. Ke1 Ra2 67. Kd1 d4 68. Rh4+ Kd3 69. Rh3+ Kc4 70. Rh8 Kc3 71. Rd8 Kd3 72. Kc1 Ra1+ 73. Kb2 Re1 74. Rh8 Kd2 75. Rh7 d3 76. Rh8 Kd1 77. Rh7 d2 78. Rh2 1/2-1/2

[Event "Petroupoli ASOP Dias op 3rd"]
[Site "Petroupoli"]
[Date "2007.09.26"]
[Round "2"]
[White "Tsiamis, Alexandros"]
[Black "Spirakopoulos, Ioannis"]
[Result "0-1"]
[WhiteElo "1923"]
[BlackElo "2204"]
[PlyCount "76"]
[EventDate "2007.09.22"]
[EventType "swiss"]
[EventRounds "7"]
[EventCountry "GRE"]
[SourceTitle "EXT 2024"]
[Source "ChessBase"]
[SourceDate "2023.10.10"]
[SourceVersion "1"]
[SourceVersionDate "2023.10.10"]
[SourceQuality "1"]

1. e4 e6 2. d4 d5 3. exd5 exd5 4. Nf3 Bd6 5. Bd3 Nc6 6. Nc3 Nge7 7. 0-0 Bg4 8. Be2 Qd7 9. Be3 0-0-0 10. Nb5 Rde8 11. Nxd6+ Qxd6 12. h3 Bh5 13. Nd2 Bxe2 14. Qxe2 Nf5 15. Qd3 Qg6 16. Rfe1 Nfxd4 17. Qxg6 hxg6 18. Rac1 Re6 19. c3 Nf5 20. Bf4 Rhe8 21. Rxe6 Rxe6 22. Nf3 Re2 23. Bd2 f6 24. Kf1 Re6 25. g4 Nd6 26. b3 Ne4 27. Be3 g5 28. Ke2 g6 29. Kd3 b6 30. Rd1 Ne5+ 31. Nxe5 Rxe5 32. f3 Nxc3 33. Rd2 Nb5 34. a4 Nd6 35. Bd4 Re6 36. Kc2 c5 37. Bb2 d4 38. b4 Nc4 0-1

[Event "Petroupoli ASOP Dias op 3rd"]
[Site "Petroupoli"]
[Date "2007.09.22"]
[Round "1"]
[White "Spirakopoulos, Ioannis"]
[Black "Mihopoulos, Konstantinos"]
[Result "1-0"]
[WhiteElo "2204"]
[BlackElo "1773"]
[PlyCount "61"]
[EventDate "2007.09.22"]
[EventType "swiss"]
[EventRounds "7"]
[EventCountry "GRE"]
[SourceTitle "EXT 2024"]
[Source "ChessBase"]
[SourceDate "2023.10.10"]
[SourceVersion "1"]
[SourceVersionDate "2023.10.10"]
[SourceQuality "1"]

1. e4 c5 2. Nf3 d6 3. d4 cxd4 4. Nxd4 Nf6 5. Nc3 a6 6. f4 e6 7. Be2 Be7 8. 0-0 0-0 9. a4 Qc7 10. Be3 Nc6 11. Kh1 Bd7 12. Nb3 Rac8 13. Bf3 e5 14. f5 Nb4 15. a5 d5 16. Bb6 Qd6 17. Qe2 d4 18. Nxd4 exd4 19. e5 Qb8 20. Bxd4 Bb5 21. Nxb5 Rxc2 22. Qe1 axb5 23. exf6 Bd6 24. Qh4 Rd8 25. Be4 Rc4 26. Qg4 Bf8 27. fxg7 Rcxd4 28. f6 Bd6 29. Bxh7+ Kxh7 30. Qh5+ Kg8 31. Qh8# 1-0

[Event "Athens Acropolis op"]
[Site "Athens"]
[Date "2007.08.15"]
[Round "2.32"]
[White "Gogolis, Alexandros"]
[Black "Spirakopoulos, Ioannis"]
[Result "1-0"]
[WhiteElo "2289"]
[BlackElo "2204"]
[PlyCount "71"]
[EventDate "2007.08.14"]
[EventType "swiss"]
[EventRounds "9"]
[EventCountry "GRE"]
[SourceTitle "CBM 119 Extra"]
[Source "ChessBase"]
[SourceDate "2007.09.04"]
[SourceVersion "1"]
[SourceVersionDate "2007.09.04"]
[SourceQuality "1"]

1. d4 Nf6 2. Bg5 Ne4 3. Bf4 c5 4. f3 Qa5+ 5. c3 Nf6 6. Nd2 cxd4 7. Nb3 Qb6 8. Qxd4 Nc6 9. Qxb6 axb6 10. Nd4 e5 11. Nxc6 exf4 12. Nd4 Bc5 13. g3 Nd5 14. e4 fxe3 15. Bc4 Nc7 16. Ke2 0-0 17. Kxe3 d5 18. Bb3 Bf5 19. Nge2 Rfe8+ 20. Kd2 Bd7 21. Rhe1 g6 22. a3 Kg7 23. Nc2 Bc6 24. Ned4 Ne6 25. Kd3 Kf6 26. h4 Bd6 27. Rg1 Nc5+ 28. Kd2 Re7 29. Rae1 Nxb3+ 30. Nxb3 Rae8 31. Rxe7 Rxe7 32. Nbd4 h5 33. Ne3 Re5 34. b4 Kg7 35. f4 Re8 36. Ra1 1-0

[Event "Athens Acropolis op"]
[Site "Athens"]
[Date "2007.08.14"]
[Round "1.26"]
[White "Erdogdu, Mert"]
[Black "Spirakopoulos, Ioannis"]
[Result "1-0"]
[WhiteElo "2423"]
[BlackElo "2204"]
[PlyCount "77"]
[EventDate "2007.08.14"]
[EventType "swiss"]
[EventRounds "9"]
[EventCountry "GRE"]
[SourceTitle "CBM 119 Extra"]
[Source "ChessBase"]
[SourceDate "2007.09.04"]
[SourceVersion "1"]
[SourceVersionDate "2007.09.04"]
[SourceQuality "1"]

1. e4 e6 2. d4 d5 3. Nc3 Bb4 4. e5 c5 5. a3 Bxc3+ 6. bxc3 Ne7 7. Qg4 Qc7 8. Qxg7 Rg8 9. Qxh7 cxd4 10. Ne2 Nbc6 11. f4 Bd7 12. Qd3 dxc3 13. Qxc3 0-0-0 14. Rg1 Nf5 15. g4 d4 16. Qc5 Nh4 17. Rg3 Be8 18. Bd2 f6 19. exf6 Rd5 20. Qc4 Bf7 21. Bh3 e5 22. g5+ Kb8 23. f5 Rd6 24. Qb5 a6 25. Qb2 Bc4 26. Rb1 b5 27. a4 Qb7 28. axb5 axb5 29. Qa3 Rgd8 30. Nc1 Na7 31. Kf2 Qh1 32. Ra1 R6d7 33. Ne2 Qxh2+ 34. Bg2 Nxg2 35. Rh3 Rh8 36. Rxh2 Rxh2 37. Kg1 Rdh7 38. f7 Rh1+ 39. Kf2 1-0

[Event "Ambelokipi op 34th"]
[Site "Athens"]
[Date "2002.01.30"]
[Round "6"]
[White "Karahaliou, Evangelia"]
[Black "Spirakopoulos, Ioannis"]
[Result "0-1"]
[WhiteElo "2058"]
[BlackElo "2184"]
[PlyCount "82"]
[EventDate "2002.01.12"]
[EventType "swiss"]
[EventRounds "7"]
[EventCountry "GRE"]
[SourceTitle "CBM 086 Extra"]
[Source "ChessBase"]
[SourceDate "2002.03.14"]
[SourceVersion "1"]
[SourceVersionDate "2002.03.14"]
[SourceQuality "1"]

1. e4 e6 2. d4 d5 3. Nd2 Nf6 4. e5 Nfd7 5. Bd3 c5 6. c3 Nc6 7. Ne2 cxd4 8. cxd4 f6 9. exf6 Nxf6 10. Nf3 Bd6 11. 0-0 Qc7 12. Bg5 0-0 13. Rc1 h6 14. Bh4 Nh5 15. Bg6 Nf4 16. Nxf4 Bxf4 17. Rc3 Qd6 18. Bb1 e5 19. dxe5 Nxe5 20. Nxe5 Bxe5 21. Bg3 Bxg3 22. hxg3 Bf5 23. Bd3 Kh8 24. g4 Bxd3 25. Rxd3 Rad8 26. g5 hxg5 27. Rh3+ Kg8 28. Qh5 Qh6 29. Qg4 Rf4 30. Rxh6 Rxg4 31. Re6 Re4 32. Rxe4 dxe4 33. Re1 Rd2 34. Rxe4 Rxb2 35. Re7 a6 36. g3 b5 37. a4 bxa4 38. Re6 a3 39. Rxa6 a2 40. Kg2 g4 41. Ra7 Kf8 0-1

[Event "Ambelokipi op 34th"]
[Site "Athens"]
[Date "2002.01.19"]
[Round "3"]
[White "Spirakopoulos, Ioannis"]
[Black "Klimis, Laertis"]
[Result "1-0"]
[WhiteElo "2184"]
[BlackElo "2067"]
[PlyCount "85"]
[EventDate "2002.01.12"]
[EventType "swiss"]
[EventRounds "7"]
[EventCountry "GRE"]
[SourceTitle "CBM 086 Extra"]
[Source "ChessBase"]
[SourceDate "2002.03.14"]
[SourceVersion "1"]
[SourceVersionDate "2002.03.14"]
[SourceQuality "1"]

1. e4 e5 2. Nf3 Nc6 3. Bb5 Nf6 4. 0-0 Nxe4 5. d4 Nd6 6. Bxc6 dxc6 7. dxe5 Nf5 8. Qxd8+ Kxd8 9. h3 h6 10. Nc3 b6 11. Rd1+ Ke8 12. a4 Be6 13. g4 Ne7 14. Kg2 Nd5 15. Ne2 Rd8 16. a5 c5 17. axb6 axb6 18. c4 Nb4 19. Rxd8+ Kxd8 20. Ra8+ Kd7 21. b3 g5 22. Bd2 Bg7 23. Rxh8 Bxh8 24. Bxb4 cxb4 25. Ned4 c5 26. Nb5 f6 27. exf6 Bxf6 28. Nd2 Bf7 29. Ne4 Be7 30. Kf3 Bg6 31. Ke3 Ke6 32. f4 gxf4+ 33. Kxf4 Bg5+ 34. Nxg5+ hxg5+ 35. Kxg5 Bc2 36. Nc7+ Kf7 37. Nd5 Bxb3 38. Nxb6 Ba2 39. Kf4 b3 40. Na4 Bb1 41. Nxc5 b2 42. Na4 Bd3 43. Nxb2 1-0

[Event "Ambelokipi op 34th"]
[Site "Athens"]
[Date "2002.01.16"]
[Round "2"]
[White "Vasiliou, Vasilios"]
[Black "Spirakopoulos, Ioannis"]
[Result "0-1"]
[WhiteElo "2016"]
[BlackElo "2184"]
[PlyCount "110"]
[EventDate "2002.01.12"]
[EventType "swiss"]
[EventRounds "7"]
[EventCountry "GRE"]
[SourceTitle "CBM 086 Extra"]
[Source "ChessBase"]
[SourceDate "2002.03.14"]
[SourceVersion "1"]
[SourceVersionDate "2002.03.14"]
[SourceQuality "1"]

1. d4 Nf6 2. c4 g6 3. Nc3 Bg7 4. e4 d6 5. Nge2 0-0 6. Ng3 e5 7. d5 a5 8. Be2 Na6 9. h4 Bd7 10. h5 Ne8 11. hxg6 fxg6 12. Bg4 Nc5 13. Bxd7 Qxd7 14. Be3 Nf6 15. f3 h5 16. Qd2 Nh7 17. 0-0-0 Na4 18. Nb5 Ra6 19. Rh3 Rxf3 20. Qe2 Rf7 21. Rdh1 Nf6 22. Rf1 c6 23. Na3 Ng4 24. Rxf7 Qxf7 25. Nh1 Nxe3 26. Rf3 Qe7 27. Qxe3 Nc5 28. Nf2 Ra8 29. Nb1 Rf8 30. Nd2 Kh7 31. Nh3 Bh6 32. Qe2 cxd5 33. cxd5 Kg7 34. Kb1 Bxd2 35. Qxd2 Nxe4 36. Qe3 Rxf3 37. gxf3 Nf6 38. Qd2 Qf7 39. Qxa5 Qxd5 40. Qc7+ Kh8 41. a3 Qxf3 42. Qxd6 Qh1+ 43. Kc2 Qc6+ 44. Qxc6 bxc6 45. a4 Nd7 46. b4 Kg7 47. a5 Kf6 48. Kd3 Kf5 49. Nf2 g5 50. Ne4 h4 51. Nd6+ Kf4 52. Nc8 Nb8 53. Ne7 h3 54. Ng6+ Kf5 55. Ne7+ Ke6 0-1